000 00331nam a22001337a 4500
999 _c13977
_d13977
020 _a9781260575873
082 _a001.4
100 _aFrederick S. Hiller ; Gerald J. Liberman
245 _aIntroduction to Operations Research
250 _aEleventh
260 _aNew York
_bMcGraw Hill
_c2021
300 _a1065 pages
942 _cBK